000 00298nam a22001337a 4500
008 170919b xxu||||| |||| 00| 0 eng d
020 _a9781856697972
041 _aeng
080 _24TH
_a7
100 _a44
101 _aART
245 _aART IN RENISSANCE ITALY
_cPAOLETTI,J.T
942 _2udc
_cBK
999 _c28309
_d28309